[Event "ESP-chT CECLUB Div2"]
[Site "Linares"]
[Date "2023.08.17"]
[Round "6.13"]
[White "Iglesias, Jorge"]
[Black "Gamundi Salamanca, Antonio"]
[Result "1/2-1/2"]
[WhiteElo "2266"]
[BlackElo "2438"]
[PlyCount "71"]
[EventDate "2023.08.13"]
[EventType "team-swiss"]
[EventRounds "7"]
[EventCountry "ESP"]
[SourceTitle "EXT 2024"]
[Source "ChessBase"]
[SourceDate "2023.10.10"]
[SourceVersion "1"]
[SourceVersionDate "2023.10.10"]
[SourceQuality "1"]
[WhiteTeam "Platja D'Aro"]
[BlackTeam "Prodomasa Coin"]
[WhiteTeamCountry "ESP"]
[BlackTeamCountry "ESP"]

1. e4 c6 2. d4 d5 3. e5 Bf5 4. g4 Bd7 5. Be3 e6 6. Nd2 b6 7. Ngf3 Ne7 8. Bd3 h6 9. c3 Qc7 10. b4 a5 11. a3 Bc8 12. a4 h5 13. gxh5 Nf5 14. Bxf5 exf5 15. bxa5 Rxa5 16. h6 gxh6 17. Qb1 Be7 18. Nb3 Ra8 19. Qc1 Bf8 20. Bf4 Be6 21. 0-0 Nd7 22. h3 Bg7 23. h4 Kd8 24. Kh2 Kc8 25. Rg1 Bf8 26. Rg3 Kb7 27. Ne1 Qd8 28. Ng2 h5 29. Bg5 Be7 30. Nf4 Nf8 31. a5 b5 32. Nc5+ Ka7 33. Qa3 Bc8 34. Ncd3 Bxa3 35. Bxd8 Nd7 36. Rxa3 1/2-1/2

[Event "Roquetas de Mar op 34th"]
[Site "Roquetas de Mar"]
[Date "2023.01.08"]
[Round "9"]
[White "Jeet, Jain"]
[Black "Gamundi Salamanca, Antonio"]
[Result "0-1"]
[WhiteElo "2218"]
[BlackElo "2443"]
[PlyCount "94"]
[EventDate "2023.01.03"]
[EventType "swiss"]
[EventRounds "9"]
[EventCountry "ESP"]
[SourceTitle "CBM 212 Extra"]
[Source "ChessBase"]
[SourceDate "2023.03.31"]
[SourceVersion "1"]
[SourceVersionDate "2023.03.31"]
[SourceQuality "1"]

1. e4 e6 2. Qe2 c5 3. Nf3 Nc6 4. g3 g6 5. Bg2 Bg7 6. 0-0 Nge7 7. c3 0-0 8. Rd1 e5 9. Na3 d5 10. d3 d4 11. cxd4 cxd4 12. Bd2 a6 13. Nc2 h6 14. Nb4 Be6 15. Rdc1 Qd6 16. Nxc6 Nxc6 17. Ne1 Rfc8 18. f4 exf4 19. Bxf4 Qe7 20. Qf1 g5 21. Bd2 Ne5 22. Nf3 Ng6 23. Qf2 Qd7 24. b3 Rc3 25. Ne1 Rxc1 26. Bxc1 Ne5 27. Qe2 Rc8 28. Bb2 b5 29. Rc1 Rxc1 30. Bxc1 Bf8 31. Nf3 Nc6 32. Bb2 Bb4 33. Qf2 Bc3 34. Bc1 f6 35. h4 Qg7 36. Bb2 b4 37. Bc1 g4 38. Nh2 Ne5 39. Bf1 h5 40. Bf4 a5 41. Bc1 Qf7 42. Qc2 a4 43. bxa4 Bxa2 44. a5 b3 45. Qf2 Bxa5 46. Qxd4 Qc7 47. Bb2 Bb6 0-1

[Event "Roquetas de Mar op 34th"]
[Site "Roquetas de Mar"]
[Date "2023.01.06"]
[Round "6"]
[White "Gamundi Salamanca, Antonio"]
[Black "Martinez Reyes, Pedro Ramon"]
[Result "1/2-1/2"]
[WhiteElo "2443"]
[BlackElo "2389"]
[PlyCount "132"]
[EventDate "2023.01.03"]
[EventType "swiss"]
[EventRounds "9"]
[EventCountry "ESP"]
[SourceTitle "CBM 212 Extra"]
[Source "ChessBase"]
[SourceDate "2023.03.31"]
[SourceVersion "1"]
[SourceVersionDate "2023.03.31"]
[SourceQuality "1"]

1. Nf3 d5 2. d4 Nf6 3. c4 e6 4. Nc3 Be7 5. Bg5 0-0 6. e3 h6 7. Bh4 Ne4 8. Bxe7 Qxe7 9. Qc2 Nxc3 10. Qxc3 dxc4 11. Bxc4 b6 12. 0-0 Bb7 13. Be2 c5 14. dxc5 Rc8 15. b4 bxc5 16. b5 a6 17. a4 axb5 18. axb5 Nd7 19. Nd2 Nb6 20. Nc4 Qg5 21. f3 Rxa1 22. Rxa1 Nxc4 23. Bxc4 Bxf3 24. Bf1 Bb7 25. Ra7 Qd5 26. Qc4 Qxc4 27. Bxc4 Rb8 28. Kf2 Kf8 29. e4 Ke7 30. Ke3 Kd6 31. g3 Ke5 32. Bd3 f5 33. exf5 exf5 34. h4 g5 35. hxg5 hxg5 36. Be2 f4+ 37. gxf4+ gxf4+ 38. Kf2 f3 39. Bxf3 Bxf3 40. Kxf3 Kd4 41. Ke2 Kc3 42. Kd1 Kb3 43. b6 c4 44. Kc1 Rxb6 45. Ra8 Rh6 46. Rb8+ Kc3 47. Kb1 Rh1+ 48. Ka2 Re1 49. Rh8 Kd2 50. Rd8+ Kc2 51. Rh8 c3 52. Rh2+ Kd3 53. Rh3+ Re3 54. Rh1 Re2+ 55. Kb1 Kd2 56. Rg1 Rh2 57. Rf1 Rh3 58. Rg1 Re3 59. Rg2+ Kd3 60. Rg1 Re2 61. Kc1 Ra2 62. Rg3+ Kc4 63. Rg8 Ra1+ 64. Kc2 Ra2+ 65. Kc1 Ra1+ 66. Kc2 Ra2+ 1/2-1/2

[Event "Roquetas de Mar op 34th"]
[Site "Roquetas de Mar"]
[Date "2023.01.04"]
[Round "3"]
[White "Orantes Taboada, Francisco"]
[Black "Gamundi Salamanca, Antonio"]
[Result "1/2-1/2"]
[WhiteElo "2221"]
[BlackElo "2443"]
[PlyCount "60"]
[EventDate "2023.01.03"]
[EventType "swiss"]
[EventRounds "9"]
[EventCountry "ESP"]
[SourceTitle "CBM 212 Extra"]
[Source "ChessBase"]
[SourceDate "2023.03.31"]
[SourceVersion "1"]
[SourceVersionDate "2023.03.31"]
[SourceQuality "1"]

1. Nf3 d5 2. g3 Nf6 3. Bg2 c6 4. 0-0 Bf5 5. d4 e6 6. c4 Nbd7 7. Nc3 h6 8. Nd2 Be7 9. e4 dxe4 10. Ndxe4 0-0 11. Qb3 Qb6 12. Rd1 Rfd8 13. Be3 Nxe4 14. Nxe4 Nf6 15. Qxb6 axb6 16. Nc3 Bb4 17. d5 cxd5 18. Bxb6 Bxc3 19. bxc3 Rdc8 20. cxd5 Nxd5 21. Bxd5 exd5 22. Rxd5 Be6 23. Ra5 Rxa5 24. Bxa5 Ra8 25. Bb4 Bxa2 26. f4 Ra6 27. Kf2 h5 28. h3 f6 29. g4 hxg4 30. hxg4 Be6 1/2-1/2

[Event "ESP-chT CECLUB Div2"]
[Site "Linares"]
[Date "2021.08.13"]
[Round "7.5"]
[White "Guerra Bastida, Diego"]
[Black "Gamundi Salamanca, Antonio"]
[Result "1/2-1/2"]
[WhiteElo "2286"]
[BlackElo "2458"]
[PlyCount "99"]
[EventDate "2021.08.09"]
[EventType "team-swiss"]
[EventRounds "7"]
[EventCountry "ESP"]
[SourceTitle "CBM 203 Extra"]
[Source "ChessBase"]
[SourceDate "2021.09.30"]
[SourceVersion "1"]
[SourceVersionDate "2021.09.30"]
[SourceQuality "1"]
[WhiteTeam "Circulo Ferrolano"]
[BlackTeam "Prodomasa Coin"]
[WhiteTeamCountry "ESP"]
[BlackTeamCountry "ESP"]

1. d4 Nf6 2. c4 e6 3. Nf3 d5 4. g3 Be7 5. Bg2 0-0 6. 0-0 dxc4 7. Qc2 a6 8. a4 Bd7 9. Qxc4 Bc6 10. Bg5 Bd5 11. Qc2 Be4 12. Qc1 h6 13. Bxf6 Bxf6 14. Nc3 Bxf3 15. Bxf3 c6 16. e3 a5 17. Ne4 Be7 18. Rd1 Na6 19. Qc4 Qb6 20. h4 Rad8 21. Kg2 Nb4 22. Rac1 Qa6 23. b3 Rd7 24. Qxa6 Nxa6 25. Be2 Nb4 26. f4 Rfd8 27. Kf2 Kf8 28. h5 Nd5 29. Nc5 Bxc5 30. Rxc5 Ra8 31. g4 Ke7 32. Bf3 Nb4 33. g5 Rd6 34. gxh6 gxh6 35. f5 b6 36. Re5 Rg8 37. fxe6 Rxe6 38. Rxe6+ Kxe6 39. Ke2 Rg5 40. Rc1 Kd6 41. Rd1 f5 42. Kf2 Nd5 43. Rc1 Nb4 44. Ke2 Rg3 45. Rf1 Rg5 46. Rc1 Nd5 47. Kf2 Rg7 48. Re1 Rg5 49. Rc1 Rg7 50. Re1 1/2-1/2

[Event "ESP-chT CECLUB Div2"]
[Site "Linares"]
[Date "2019.08.21"]
[Round "4.3"]
[White "Portela Peleteiro, Alberto"]
[Black "Gamundi Salamanca, Antonio"]
[Result "1/2-1/2"]
[WhiteElo "2375"]
[BlackElo "2444"]
[PlyCount "71"]
[EventDate "2019.08.19"]
[EventType "team-swiss"]
[EventRounds "7"]
[EventCountry "ESP"]
[SourceTitle "EXT 2020"]
[Source "ChessBase"]
[SourceDate "2019.10.17"]
[SourceVersion "1"]
[SourceVersionDate "2019.10.17"]
[SourceQuality "1"]
[WhiteTeam "Pola Paz Estratexia"]
[BlackTeam "Coin CC"]
[WhiteTeamCountry "ESP"]
[BlackTeamCountry "ESP"]

1. e4 e6 2. d4 d5 3. Nc3 Nf6 4. e5 Nfd7 5. Nf3 c5 6. dxc5 Nc6 7. Bf4 Bxc5 8. Bd3 f6 9. exf6 Qxf6 10. Bg3 0-0 11. 0-0 a6 12. Qe2 Nd4 13. Nxd4 Bxd4 14. Rae1 Nc5 15. Be5 Bxe5 16. Qxe5 Qxe5 17. Rxe5 Nxd3 18. cxd3 Bd7 19. Ne2 Rac8 20. Nd4 Rf4 21. Nxe6 Bxe6 22. Rxe6 Rc2 23. Rb6 Rf7 24. g3 Rd2 25. Kg2 h6 26. Kh3 Rxd3 27. f4 Rd7 28. Rf2 d4 29. Re6 Rd1 30. Ree2 Kf7 31. Kg2 d3 32. Rd2 Re1 33. Rf1 Re2+ 34. Rf2 Re1 35. Rf1 Re2+ 36. Rf2 1/2-1/2

[Event "ESP-chT CECLUB Div2"]
[Site "Linares"]
[Date "2019.08.20"]
[Round "3.5"]
[White "Gamundi Salamanca, Antonio"]
[Black "Diaz Camallonga, Carles"]
[Result "1/2-1/2"]
[WhiteElo "2444"]
[BlackElo "2436"]
[PlyCount "66"]
[EventDate "2019.08.19"]
[EventType "team-swiss"]
[EventRounds "7"]
[EventCountry "ESP"]
[SourceTitle "EXT 2020"]
[Source "ChessBase"]
[SourceDate "2019.10.17"]
[SourceVersion "1"]
[SourceVersionDate "2019.10.17"]
[SourceQuality "1"]
[WhiteTeam "Coin CC"]
[BlackTeam "Colon Sabadell Chessy"]
[WhiteTeamCountry "ESP"]
[BlackTeamCountry "ESP"]

1. d4 e6 2. Bf4 Nf6 3. e3 d5 4. Nd2 c5 5. c3 Nc6 6. Ngf3 Bd6 7. dxc5 Bxc5 8. Bd3 h6 9. h3 Bd6 10. Bxd6 Qxd6 11. e4 0-0 12. Qe2 Nd7 13. 0-0 b6 14. Rfe1 Nde5 15. exd5 Nxd3 16. Qxd3 Rd8 17. Rad1 Qxd5 18. Qxd5 Rxd5 19. Ne4 Ne7 20. Nd6 Ba6 21. Rxd5 Nxd5 22. Ne5 f6 23. Nc6 e5 24. c4 Nf4 25. b4 Kf8 26. Re3 Bc8 27. Ra3 a6 28. Nxc8 Rxc8 29. b5 axb5 30. cxb5 Ne2+ 31. Kf1 Nd4 32. Nxd4 exd4 33. Ra6 Rc2 1/2-1/2

[Event "Andalucia-chT Honor final"]
[Site "Marbella"]
[Date "2018.12.01"]
[Round "2.2"]
[White "Gamundi Salamanca, Antonio"]
[Black "Alshameary Puente, Ismael"]
[Result "1-0"]
[WhiteElo "2451"]
[BlackElo "2369"]
[PlyCount "103"]
[EventDate "2018.12.01"]
[EventType "team-k.o."]
[EventRounds "3"]
[EventCountry "ESP"]
[SourceTitle "CBM 189 Extra"]
[Source "ChessBase"]
[SourceDate "2019.06.03"]
[SourceVersion "1"]
[SourceVersionDate "2019.06.03"]
[SourceQuality "1"]
[WhiteTeam "La Trocha Coin"]
[BlackTeam "Oromana CEN Solutions"]
[WhiteTeamCountry "ESP"]
[BlackTeamCountry "ESP"]

1. d4 Nf6 2. Bg5 c5 3. Bxf6 gxf6 4. d5 Qb6 5. Qc1 f5 6. e3 Bg7 7. c3 d6 8. Ne2 Nd7 9. Nf4 Nf6 10. Be2 h5 11. Na3 Bd7 12. Nc4 Qc7 13. a4 h4 14. Qd1 Ng4 15. h3 Ne5 16. 0-0 Rg8 17. a5 0-0-0 18. Kh1 Kb8 19. a6 b6 20. Na3 Ng6 21. Nxg6 fxg6 22. Bb5 g5 23. Qa4 g4 24. Bxd7 Rxd7 25. hxg4 fxg4 26. Qxg4 Qc8 27. Qh3 Be5 28. Nc4 Bf6 29. e4 Rg5 30. Ne3 Re5 31. f3 Rg5 32. Ng4 Qe8 33. f4 Rg8 34. e5 Bg7 35. e6 Rd8 36. f5 Qh5 37. Ra4 Bd4 38. Rf4 Be5 39. Rf3 Qg5 40. Ne3 Bg3 41. f6 Qh6 42. f7 Rg6 43. Rg4 Rf6 44. Rg8 Kc7 45. Rxd8 Kxd8 46. Rxg3 hxg3 47. Qxh6 Rxh6+ 48. Kg1 Rh8 49. Nf5 b5 50. Nxg3 Kc7 51. Nf5 Kd8 52. g4 1-0

[Event "Andalucia-chT Honor Oriental"]
[Site "Andalucia"]
[Date "2018.11.18"]
[Round "7.38"]
[White "Martinez Rubi, Alberto"]
[Black "Gamundi Salamanca, Antonio"]
[Result "1/2-1/2"]
[WhiteElo "2105"]
[BlackElo "2451"]
[PlyCount "62"]
[EventDate "2018.09.30"]
[EventType "team-tourn"]
[EventRounds "7"]
[EventCountry "ESP"]
[SourceTitle "EXT 2020"]
[Source "ChessBase"]
[SourceDate "2019.10.17"]
[SourceVersion "1"]
[SourceVersionDate "2019.10.17"]
[SourceQuality "1"]
[WhiteTeam "Roquetas"]
[BlackTeam "La Trocha Coin"]
[WhiteTeamCountry "ESP"]
[BlackTeamCountry "ESP"]

1. e4 e6 2. d4 d5 3. Nc3 Nf6 4. e5 Nfd7 5. f4 c5 6. Nf3 Nc6 7. Be3 Be7 8. dxc5 Nxc5 9. Qd2 0-0 10. 0-0-0 Qa5 11. Kb1 Na4 12. Nxa4 Qxa4 13. Nd4 Nxd4 14. Qxd4 Bd7 15. Qxa4 Bxa4 16. Bd4 Rfc8 17. Bd3 Bc5 18. Bxc5 Rxc5 19. Rhe1 Rac8 20. Rd2 a5 21. g4 Bb5 22. h4 Bxd3 23. cxd3 b5 24. Rdd1 h5 25. gxh5 Kh7 26. Rd2 b4 27. Rg2 a4 28. Reg1 Rg8 29. Rc1 Rxc1+ 30. Kxc1 Rc8+ 31. Kd2 Kh6 1/2-1/2

[Event "Andalucia-chT Honor Oriental"]
[Site "Andalucia"]
[Date "2018.11.17"]
[Round "6.28"]
[White "Gamundi Salamanca, Antonio"]
[Black "Torres Moreno, Juan"]
[Result "1-0"]
[WhiteElo "2451"]
[BlackElo "2145"]
[PlyCount "101"]
[EventDate "2018.09.30"]
[EventType "team-tourn"]
[EventRounds "7"]
[EventCountry "ESP"]
[SourceTitle "EXT 2020"]
[Source "ChessBase"]
[SourceDate "2019.10.17"]
[SourceVersion "1"]
[SourceVersionDate "2019.10.17"]
[SourceQuality "1"]
[WhiteTeam "La Trocha Coin"]
[BlackTeam "Cruz Roja Santa Juana"]
[WhiteTeamCountry "ESP"]
[BlackTeamCountry "ESP"]

1. d4 Nf6 2. Bg5 Ne4 3. Bf4 c5 4. f3 Qa5+ 5. c3 Nf6 6. Nd2 cxd4 7. Nb3 Qb6 8. Qxd4 Qxd4 9. cxd4 g6 10. e4 Bg7 11. Ne2 0-0 12. Nc3 d6 13. Rc1 Nc6 14. d5 Ne5 15. Be2 Nfd7 16. Bg5 Nf6 17. h3 h6 18. Be3 Nh5 19. Kf2 g5 20. g3 Ng6 21. Bd4 Be5 22. Bxe5 dxe5 23. f4 Nhxf4 24. gxf4 Nxf4 25. h4 g4 26. h5 Kh8 27. Kg3 Rg8 28. Rh4 Rg5 29. Bxg4 f5 30. exf5 Bxf5 31. Kf3 Rf8 32. Bxf5 Rfxf5 33. Ke4 Nxh5 34. Kd3 Nf4+ 35. Kc4 h5 36. Nc5 Rg2 37. b4 Ng6 38. Rhh1 b6 39. N5e4 h4 40. Kb5 Rh5 41. Ka6 Nf4 42. Kxa7 Rh6 43. a4 h3 44. Rb1 h2 45. a5 bxa5 46. b5 Rg7 47. b6 e6+ 48. b7 exd5 49. Ng5 Nd3 50. Rb6 Rxb6 51. Kxb6 1-0

[Event "Andalucia-chT Honor Oriental"]
[Site "Andalucia"]
[Date "2018.11.17"]
[Round "5.33"]
[White "Perez Tores, Juan Miguel"]
[Black "Gamundi Salamanca, Antonio"]
[Result "1/2-1/2"]
[WhiteElo "2215"]
[BlackElo "2451"]
[PlyCount "102"]
[EventDate "2018.09.30"]
[EventType "team-tourn"]
[EventRounds "7"]
[EventCountry "ESP"]
[SourceTitle "EXT 2020"]
[Source "ChessBase"]
[SourceDate "2019.10.17"]
[SourceVersion "1"]
[SourceVersionDate "2019.10.17"]
[SourceQuality "1"]
[WhiteTeam "Caja Granada"]
[BlackTeam "La Trocha Coin"]
[WhiteTeamCountry "ESP"]
[BlackTeamCountry "ESP"]

1. e4 e6 2. d4 d5 3. Nc3 Nf6 4. Bg5 Bb4 5. e5 h6 6. exf6 hxg5 7. fxg7 Rg8 8. h4 Qf6 9. Qg4 gxh4 10. Qxh4 Qxh4 11. Rxh4 Rxg7 12. Rh8+ Bf8 13. Nf3 c6 14. 0-0-0 Nd7 15. g3 b6 16. Bd3 Bb7 17. Rdh1 0-0-0 18. Nd1 Bd6 19. R1h7 Rxh8 20. Rxg7 f6 21. Ne3 Bf8 22. Rg6 Bh6 23. Kd1 Bxe3 24. fxe3 Kc7 25. Nh4 c5 26. c3 Bc6 27. Ke1 a5 28. Rg7 Kd6 29. Kf2 c4 30. Bc2 b5 31. Nf3 Rh1 32. Ne1 Rh8 33. a3 Rb8 34. b3 cxb3 35. Bxb3 b4 36. cxb4 axb4 37. a4 Nb6 38. Ra7 Nc4 39. Nd3 Nd2 40. Nc5 Ne4+ 41. Nxe4+ dxe4 42. Ra6 Kc7 43. Ke2 Bd5 44. Bxd5 exd5 45. Rxf6 Ra8 46. Rf5 Kd6 47. Rf6+ Ke7 48. Rb6 Rxa4 49. g4 Ra2+ 50. Kd1 Rb2 51. g5 Rb3 1/2-1/2

[Event "Andalucia-chT Honor Oriental"]
[Site "Andalucia"]
[Date "2018.10.07"]
[Round "2.38"]
[White "Gamundi Salamanca, Antonio"]
[Black "Ramos Moreno, Francisco Jose"]
[Result "1-0"]
[WhiteElo "2451"]
[BlackElo "2095"]
[PlyCount "99"]
[EventDate "2018.09.30"]
[EventType "team-tourn"]
[EventRounds "7"]
[EventCountry "ESP"]
[SourceTitle "EXT 2020"]
[Source "ChessBase"]
[SourceDate "2019.10.17"]
[SourceVersion "1"]
[SourceVersionDate "2019.10.17"]
[SourceQuality "1"]
[WhiteTeam "La Trocha Coin"]
[BlackTeam "Miraflores Smartick"]
[WhiteTeamCountry "ESP"]
[BlackTeamCountry "ESP"]

1. d4 e6 2. Bf4 Nf6 3. e3 c5 4. c3 Qb6 5. Qb3 Qxb3 6. axb3 cxd4 7. exd4 Nc6 8. Nf3 Be7 9. h3 0-0 10. Nbd2 d6 11. b4 e5 12. dxe5 Nd5 13. exd6 Nxf4 14. dxe7 Re8 15. 0-0-0 Bf5 16. b5 Nxe7 17. Nc4 Red8 18. Nd6 b6 19. Nxf5 Rxd1+ 20. Kxd1 Nxf5 21. g3 Rd8+ 22. Kc2 Nd5 23. Bc4 Nf6 24. Re1 Nd6 25. Bd3 Nd7 26. b4 g6 27. Nd4 Nf6 28. Nc6 Rd7 29. c4 Rc7 30. Re7 Rxe7 31. Nxe7+ Kf8 32. Nc6 Nc8 33. Kc3 Ke8 34. Kd4 Kd7 35. c5 Ne8 36. Bc4 f6 37. Bg8 Nc7 38. Kc4 Ne7 39. Bxh7 Nxc6 40. bxc6+ Kxc6 41. cxb6 axb6 42. Bxg6 Kd6 43. h4 Ke7 44. f4 Kf8 45. Bf5 Kg7 46. g4 Kh6 47. h5 Kg7 48. g5 Kg8 49. h6 Kf7 50. h7 1-0

[Event "Jaen op 2nd"]
[Site "Jaen"]
[Date "2014.07.01"]
[Round "8"]
[White "Gamundi Salamanca, Antonio"]
[Black "Delchev, Aleksander"]
[Result "1/2-1/2"]
[WhiteElo "2443"]
[BlackElo "2638"]
[PlyCount "53"]
[EventDate "2014.06.27"]
[EventType "swiss"]
[EventRounds "9"]
[EventCountry "ESP"]
[SourceTitle "CBM 161 Extra"]
[Source "ChessBase"]
[SourceDate "2014.08.29"]
[SourceVersion "1"]
[SourceVersionDate "2014.08.29"]
[SourceQuality "1"]

1. e4 c5 2. Nf3 e6 3. d4 cxd4 4. Nxd4 a6 5. Nc3 Qc7 6. Be3 Bb4 7. Nde2 Nf6 8. a3 Be7 9. f3 Nc6 10. Qd2 b5 11. Bf4 Qa5 12. Rd1 0-0 13. Bd6 Bxd6 14. Qxd6 b4 15. axb4 Nxb4 16. Nd4 Ne8 17. Qg3 d6 18. Bd3 e5 19. Nb3 Qc7 20. Qf2 Nf6 21. 0-0 Be6 22. Nc1 Rab8 23. Rd2 Rfd8 24. Re1 Nxd3 25. Nxd3 Bc4 26. Nd1 h6 27. Ne3 1/2-1/2

[Event "Albacete op 12th"]
[Site "Albacete"]
[Date "2004.09.01"]
[Round "1"]
[White "Gamundi Salamanca, Antonio"]
[Black "Rueda Delgado, Fernando"]
[Result "1-0"]
[WhiteElo "2439"]
[BlackElo "1981"]
[PlyCount "35"]
[EventDate "2004.09.01"]
[EventType "swiss"]
[EventRounds "9"]
[EventCountry "ESP"]
[SourceTitle "CBM 102 Extra"]
[Source "ChessBase"]
[SourceDate "2004.11.03"]
[SourceVersion "1"]
[SourceVersionDate "2004.11.03"]
[SourceQuality "1"]

1. d4 Nf6 2. c4 g6 3. Nc3 Bg7 4. e4 d6 5. Nf3 0-0 6. Be2 e5 7. 0-0 Nc6 8. d5 Ne7 9. b4 Nd7 10. a4 f5 11. Ng5 Nf6 12. Bf3 f4 13. Ba3 Re8 14. b5 c6 15. c5 dxc5 16. d6 h6 17. Qb3+ Kf8 18. Qf7# 1-0

[Event "Malaga op 7th"]
[Site "Campillos"]
[Date "2004.02.27"]
[Round "8"]
[White "Gamundi Salamanca, Antonio"]
[Black "Alexieva, Silvia"]
[Result "1/2-1/2"]
[WhiteElo "2448"]
[BlackElo "2330"]
[PlyCount "76"]
[EventDate "2004.02.21"]
[EventType "swiss"]
[EventRounds "9"]
[EventCountry "ESP"]
[SourceTitle "CBM 098 Extra"]
[Source "ChessBase"]
[SourceDate "2004.03.10"]
[SourceVersion "2"]
[SourceVersionDate "2004.03.10"]
[SourceQuality "1"]

1. d4 Nf6 2. c4 e6 3. Nf3 b6 4. a3 Bb7 5. Nc3 d5 6. Bg5 Be7 7. e3 Nbd7 8. Rc1 h6 9. Bxf6 Nxf6 10. cxd5 exd5 11. Bb5+ c6 12. Bd3 0-0 13. 0-0 Bd6 14. Qe2 a5 15. Na4 Re8 16. Qc2 Ra7 17. Qb3 b5 18. Nc5 Bc8 19. Rfe1 a4 20. Qc2 g6 21. e4 Bf4 22. e5 Nh7 23. Rcd1 h5 24. g3 Bg5 25. Be2 Bh3 26. Nh4 Kg7 27. f3 Bc8 28. Bd3 Nf8 29. Ng2 Ne6 30. Nxe6+ Rxe6 31. f4 Qb6 32. Kh1 Qxd4 33. Bxg6 Qc4 34. Qxc4 bxc4 35. Bxh5 Rae7 36. Ne3 Rb7 37. Rd2 Rb3 38. Bd1 c3 1/2-1/2

[Event "Malaga op 7th"]
[Site "Campillos"]
[Date "2004.02.25"]
[Round "6"]
[White "Gamundi Salamanca, Antonio"]
[Black "Nava Baro, Enrique"]
[Result "1-0"]
[WhiteElo "2448"]
[BlackElo "2207"]
[PlyCount "47"]
[EventDate "2004.02.21"]
[EventType "swiss"]
[EventRounds "9"]
[EventCountry "ESP"]
[SourceTitle "CBM 098 Extra"]
[Source "ChessBase"]
[SourceDate "2004.03.10"]
[SourceVersion "2"]
[SourceVersionDate "2004.03.10"]
[SourceQuality "1"]

1. d4 d5 2. c4 e6 3. Nc3 Nf6 4. Bg5 Be7 5. e3 0-0 6. Nf3 h6 7. Bh4 Ne4 8. Bxe7 Qxe7 9. Qc2 Nxc3 10. Qxc3 dxc4 11. Bxc4 b6 12. Rc1 Bb7 13. Bb5 Rc8 14. Ke2 c6 15. Bd3 Nd7 16. Rhd1 c5 17. Bb5 cxd4 18. Qxd4 Rxc1 19. Rxc1 Nc5 20. b4 a6 21. bxc5 bxc5 22. Qd7 Bxf3+ 23. gxf3 Qf6 24. Bd3 1-0

[Event "Malaga op 7th"]
[Site "Campillos"]
[Date "2004.02.22"]
[Round "2"]
[White "Gamundi Salamanca, Antonio"]
[Black "Gutierrez Castillo, Paloma"]
[Result "1-0"]
[WhiteElo "2448"]
[BlackElo "2114"]
[PlyCount "84"]
[EventDate "2004.02.21"]
[EventType "swiss"]
[EventRounds "9"]
[EventCountry "ESP"]
[SourceTitle "CBM 098 Extra"]
[Source "ChessBase"]
[SourceDate "2004.03.10"]
[SourceVersion "2"]
[SourceVersionDate "2004.03.10"]
[SourceQuality "1"]

1. d4 d5 2. c4 e6 3. Nc3 Be7 4. Nf3 Nf6 5. Bg5 0-0 6. e3 h6 7. Bh4 Ne4 8. Bxe7 Qxe7 9. Qc2 Nxc3 10. Qxc3 dxc4 11. Bxc4 Nd7 12. 0-0 b6 13. Bb5 c5 14. Rfd1 Rd8 15. dxc5 Nxc5 16. Rxd8+ Qxd8 17. b4 Ba6 18. Bxa6 Nxa6 19. Rc1 Qd6 20. a3 Rd8 21. h3 Qd5 22. Nd4 Kf8 23. Qc6 Qxc6 24. Rxc6 Ke7 25. Nb5 Ra8 26. Kf1 Kd7 27. Rc3 Ke7 28. Ke2 Kf6 29. e4 Ke5 30. Ke3 Kf6 31. f4 g5 32. g3 h5 33. e5+ Kg6 34. Nd6 Rd8 35. fxg5 Rd7 36. h4 Nc7 37. Ke4 Nd5 38. Rc8 Ne7 39. Rh8 Kg7 40. Rxh5 Ng8 41. Ne8+ Kg6 42. Rh8 Ne7 1-0

[Event "Alcudia 1st"]
[Site "Alcudia"]
[Date "2003.11.23"]
[Round "9"]
[White "Vassallo Barroche, Mauricio"]
[Black "Gamundi Salamanca, Antonio"]
[Result "1/2-1/2"]
[WhiteElo "2384"]
[BlackElo "2453"]
[PlyCount "39"]
[EventDate "2003.11.15"]
[EventType "tourn"]
[EventRounds "9"]
[EventCountry "ESP"]
[EventCategory "7"]
[SourceTitle "EXT 2005"]
[Source "ChessBase"]
[SourceDate "2004.11.15"]
[SourceVersion "1"]
[SourceVersionDate "2004.11.15"]
[SourceQuality "1"]

1. Nf3 d5 2. c4 d4 3. g3 Nc6 4. Bg2 e5 5. d3 Nf6 6. 0-0 Be7 7. b4 Nxb4 8. Nxe5 0-0 9. a3 Na6 10. Nd2 Nc5 11. Bb2 Re8 12. Nef3 Ne6 13. Qc2 c5 14. Rae1 Nf8 15. e3 dxe3 16. fxe3 Rb8 17. e4 N6d7 18. Nb1 Ng6 19. Qf2 Ndf8 20. Rd1 1/2-1/2

[Event "Alcudia 1st"]
[Site "Alcudia"]
[Date "2003.11.20"]
[Round "6"]
[White "Garcia Martinez, Silvino"]
[Black "Gamundi Salamanca, Antonio"]
[Result "1/2-1/2"]
[WhiteElo "2353"]
[BlackElo "2453"]
[PlyCount "37"]
[EventDate "2003.11.15"]
[EventType "tourn"]
[EventRounds "9"]
[EventCountry "ESP"]
[EventCategory "7"]
[SourceTitle "EXT 2005"]
[Source "ChessBase"]
[SourceDate "2004.11.15"]
[SourceVersion "1"]
[SourceVersionDate "2004.11.15"]
[SourceQuality "1"]

1. e4 c5 2. Nf3 d6 3. d4 cxd4 4. Nxd4 Nf6 5. Nc3 a6 6. Be2 e6 7. 0-0 Be7 8. f4 Qc7 9. a4 Nc6 10. Be3 Bd7 11. Kh1 0-0 12. Nb3 Na5 13. e5 Ne8 14. Nxa5 Qxa5 15. Ne4 Qc7 16. a5 Rc8 17. Bb6 Qb8 18. c4 Bc6 19. Qd4 1/2-1/2

[Event "Alcudia 1st"]
[Site "Alcudia"]
[Date "2003.11.17"]
[Round "3"]
[White "Gamundi Salamanca, Antonio"]
[Black "Baron Rodriguez, Jesus"]
[Result "1/2-1/2"]
[WhiteElo "2453"]
[BlackElo "2419"]
[PlyCount "95"]
[EventDate "2003.11.15"]
[EventType "tourn"]
[EventRounds "9"]
[EventCountry "ESP"]
[EventCategory "7"]
[SourceTitle "EXT 2005"]
[Source "ChessBase"]
[SourceDate "2004.11.15"]
[SourceVersion "1"]
[SourceVersionDate "2004.11.15"]
[SourceQuality "1"]

1. e4 e5 2. Nf3 Nc6 3. Bb5 a6 4. Ba4 Nf6 5. 0-0 Be7 6. Re1 b5 7. Bb3 Bb7 8. d3 0-0 9. a4 d6 10. axb5 axb5 11. Rxa8 Qxa8 12. c3 Na5 13. Bc2 c5 14. Nbd2 Re8 15. Nf1 Bf8 16. Ng3 d5 17. Qd2 Qb8 18. h3 Qc7 19. Nf5 c4 20. exd5 cxd3 21. Qxd3 Nc4 22. Ng5 g6 23. Ne4 Nxe4 24. Rxe4 Qd7 25. Nh6+ Bxh6 26. Bxh6 Nxb2 27. Qf3 f5 28. Rb4 Bxd5 29. Bxf5 gxf5 30. Qg3+ Kh8 31. Rxb2 f4 32. Qg5 Bc4 33. Rd2 Qe7 34. Qxe7 Rxe7 35. Rd8+ Bg8 36. Rb8 Re6 37. Bf8 Bf7 38. Rxb5 Kg8 39. Rb8 Be8 40. Bc5 Kf7 41. g3 Rc6 42. Bb4 Ra6 43. Rb7+ Ke6 44. Kf1 Ra1+ 45. Ke2 Ra2+ 46. Ke1 Ra1+ 47. Ke2 Ra2+ 48. Ke1 1/2-1/2